| 000 | 00597nam a2200157 a 4500 | ||
|---|---|---|---|
| 001 | 000036599 | ||
| 005 | 20200930075824.0 | ||
| 008 | 120123s1961 xxug 000 0 spa d | ||
| 040 |
_aDO-SdBNP _bspa _cBNPHU |
||
| 100 | 1 |
_aBraun, Charles E. _962877 |
|
| 245 | 1 | 0 |
_aOs ha nacido hoy : _bcanta de navidad / _cE. Charles Braun ; arreglos vocales a dos voces letra y música Chas E. Braun ; tradución George P. Braun. |
| 260 |
_aEl Paso, Texas, EE. UU. : _bCompañia Rodeheaver, _c1961. |
||
| 300 |
_a35 p. : _bil., mús. ; _c27 cm. |
||
| 700 | 1 |
_aBraun, Chas E. _962878 |
|
| 700 | 1 |
_aBraun, George P. _962879 |
|
| 999 |
_c36090 _d36090 |
||